[Event "Team men HL chess 2021"]
[Site "?"]
[Date "2021.05.01"]
[Round "1.1"]
[White "Shomoev, Anton"]
[Black "Gochelashvili, David"]
[Result "1-0"]
[WhiteElo "2568"]
[BlackElo "2403"]
[PlyCount "81"]
[EventDate "2021.??.??"]

1. e4 c5 2. Nf3 Nc6 3. d4 cxd4 4. Nxd4 g6 5. Nc3 Bg7 6. Be3 Nf6 7. Bc4 O-O 8.
Bb3 d6 9. f3 Nxd4 10. Bxd4 Be6 11. Qd2 Qa5 12. O-O-O Rfc8 13. Kb1 Bxb3 14. cxb3
b5 15. Rhe1 b4 16. Nd5 Nxd5 17. Bxg7 Nc3+ 18. bxc3 bxc3 19. Bxc3 Rxc3 20. Re3
Rac8 21. Rxc3 Qxc3 22. Qxc3 Rxc3 23. Rc1 Rxc1+ 24. Kxc1 Kf8 25. Kd2 Ke8 26. Kc3
Kd7 27. Kc4 Kc6 28. b4 Kb6 29. a4 a6 30. b5 a5 31. e5 dxe5 32. Kd5 f6 33. g4 h6
34. h4 Kc7 35. Ke6 h5 36. gxh5 gxh5 37. Kf5 Kd6 38. Kg6 Kd5 39. Kxh5 f5 40. b6
Kc6 41. Kg5 1-0

[Event "Team men HL chess 2021"]
[Site "?"]
[Date "2021.05.01"]
[Round "1.5"]
[White "Tsoi, Dmitry"]
[Black "Kokarev, Dmitry"]
[Result "1/2-1/2"]
[WhiteElo "2356"]
[BlackElo "2631"]
[PlyCount "71"]
[EventDate "2021.??.??"]

1. f4 d5 2. Nf3 g6 3. g3 Bg7 4. Bg2 c6 5. d3 Qb6 6. c3 Nf6 7. Qb3 Nbd7 8. Nbd2
O-O 9. Qxb6 axb6 10. h3 b5 11. Nb3 Re8 12. Be3 e5 13. fxe5 Nxe5 14. Nxe5 Rxe5
15. Bd4 Re7 16. Kf2 h5 17. a3 Bf5 18. Bf3 Be6 19. Rag1 Nh7 20. Bc5 Ree8 21. Be3
Bf6 22. Nc5 Re7 23. Nxe6 Rxe6 24. h4 Rae8 25. Bd2 Bd8 26. g4 hxg4 27. Bxg4 f5
28. Bf3 Kf7 29. Rg2 Bb6+ 30. d4 Bd8 31. Bf4 Rh8 32. Be5 Bf6 33. Bf4 Be7 34. Be5
Bf6 35. Bf4 Be7 36. Be5 1/2-1/2

[Event "Team men HL chess 2021"]
[Site "?"]
[Date "2021.05.01"]
[Round "1.6"]
[White "Pridorozhni, Aleksei"]
[Black "Kirillov, Dmitry"]
[Result "1-0"]
[WhiteElo "2555"]
[BlackElo "2324"]
[PlyCount "71"]
[EventDate "2021.??.??"]

1. e4 c5 2. Nf3 e6 3. Nc3 d6 4. d4 cxd4 5. Nxd4 Nf6 6. g4 h6 7. h4 Nc6 8. Rg1
d5 9. exd5 Nxd5 10. Nxd5 Qxd5 11. Bg2 Qe5+ 12. Be3 Bd7 13. Qd2 Nxd4 14. Qxd4
Qxd4 15. Bxd4 Bc6 16. Bxc6+ bxc6 17. Rg3 Bb4+ 18. c3 Bd6 19. Rd3 Be7 20. h5 O-O
21. Be3 f5 22. Rd7 Rae8 23. Rxa7 fxg4 24. Ke2 Rf5 25. Rg1 Rxh5 26. Rxg4 Kf7 27.
a4 Rf5 28. b4 g5 29. Rc7 Kg6 30. Rxc6 Re5 31. a5 h5 32. Rg1 g4 33. a6 Bg5 34.
Rc5 Bf6 35. Rxe5 Bxe5 36. b5 1-0

[Event "Team men HL chess 2021"]
[Site "?"]
[Date "2021.05.02"]
[Round "2.1"]
[White "Belyakov, Bogdan"]
[Black "Lysyj, Igor"]
[Result "0-1"]
[WhiteElo "2459"]
[BlackElo "2606"]
[PlyCount "98"]
[EventDate "2021.??.??"]

1.e4 e5 2.Nf3 Nc6 3.Bc4 Bc5 4.c3 Nf6 5.d4 exd4 6.b4 Bb6 7.e5
d5 8.exf6 dxc4 9.Qe2+ Be6 10.b5 Na5 11.fxg7 Rg8 12.Nxd4 Bxd4
13.cxd4 Qd5 14.f3 O-O-O 15.Nc3 Qxd4 16.Bb2 Qxg7 17.O-O Bh3 18.Rf2
Qxg2+ 19.Rxg2 Rxg2+ 20.Qxg2 Bxg2 21.Re1 Bxf3 22.Re7 Rd2 23.Ba3
Rd7 24.Re8+ Rd8 25.Re5 Bg4 26.Re4 Be6 27.Rh4 Bf5 28.Bb4 b6 29.Bxa5
bxa5 30.Rxc4 Rd2 31.Ra4 Rc2 32.Nd5 Be6 33.Ne7+ Kb7 34.a3 Kb6
35.Rh4 Kxb5 36.Rxh7 c5 37.h4 Ra2 38.Rh5 Rxa3 39.Nd5 a4 40.Nc7+
Kc6 41.Nxe6 fxe6 42.Kg2 Ra2+ 43.Kg3 Ra1 44.Re5 a3 45.Rxe6+ Kb5
46.Kh2 a2 47.Re2 Rh1+ 48.Kxh1 a1Q+ 49.Kg2 Qd4 0-1

[Event "Team men HL chess 2021"]
[Site "?"]
[Date "2021.05.02"]
[Round "2.2"]
[White "Shomoev, Anton"]
[Black "Derjabin, Ilja"]
[Result "1-0"]
[WhiteElo "2568"]
[BlackElo "2333"]
[PlyCount "103"]
[EventDate "2021.??.??"]

1.e4 c5 2.Nf3 Nc6 3.d4 cxd4 4.Nxd4 e5 5.Nb5 a6 6.Nd6+ Bxd6 7.Qxd6
Qf6 8.Qd1 Qg6 9.Nc3 Nge7 10.Be3 O-O 11.Qd2 b5 12.O-O-O Rb8 13.Qd6
Qe6 14.Bc5 Re8 15.Nd5 Rb7 16.b3 Nxd5 17.exd5 Qxd6 18.Bxd6 Nd8
19.c4 f6 20.cxb5 axb5 21.Bb4 Nf7 22.d6 e4 23.Be2 Ne5 24.Rhe1
Rb8 25.Rd5 Ba6 26.Kb2 Kf7 27.f4 exf3 28.gxf3 Nc6 29.Bd2 Re5 30.Rxe5
Nxe5 31.f4 Nc6 32.Bc3 Re8 33.Bh5+ g6 34.Rxe8 Kxe8 35.Be2 Kf7
36.a4 b4 37.Bxa6 bxc3+ 38.Kxc3 Ke6 39.b4 Kxd6 40.Bc4 g5 41.b5
Na5 42.Bd3 Kc5 43.Bxh7 d5 44.fxg5 fxg5 45.Bd3 Nb7 46.Kd2 Kd4
47.Be2 Na5 48.Bd1 Nb7 49.Ke2 Nd6 50.Kf3 Ne4 51.Kg4 Kc5 52.Bc2 1-0

[Event "Team men HL chess 2021"]
[Site "?"]
[Date "2021.05.02"]
[Round "2.5"]
[White "Kokarev, Dmitry"]
[Black "Kezin, Roman"]
[Result "0-1"]
[WhiteElo "2631"]
[BlackElo "2472"]
[PlyCount "90"]
[EventDate "2021.??.??"]

1.e4 c5 2.Nf3 e6 3.d4 cxd4 4.Nxd4 Nc6 5.Nc3 Qc7 6.Be3 a6 7.Qf3
Ne5 8.Qg3 h5 9.Bf4 d6 10.Bg5 b5 11.a3 Bb7 12.O-O-O Nf6 13.f4
Ned7 14.Bd3 Rc8 15.e5 dxe5 16.Nxe6 fxe6 17.Bg6+ Ke7 18.fxe5 Nxe5
19.Bf4 h4 20.Qh3 Nd3+ 21.Qxd3 Qxf4+ 22.Kb1 Rh6 23.Rhf1 Qc7 24.Rfe1
Rxg6 25.Qxg6 Rd8 26.g4 Rxd1+ 27.Rxd1 Qf4 28.h3 Ne4 29.Qh7 Nxc3+
30.bxc3 Bd5 31.Qxh4+ Kd7 32.Qh8 g5 33.Rd4 Qf1+ 34.Kb2 Bc5 35.Qg7+
Kc6 36.Rxd5 exd5 37.Qxg5 Qf8 38.Qg6+ Qd6 39.Qe8+ Kb6 40.g5 d4
41.Qe4 dxc3+ 42.Kb3 Qd4 43.Qxd4 Bxd4 44.h4 Kc5 45.h5 a5 0-1

[Event "Team men HL chess 2021"]
[Site "?"]
[Date "2021.05.02"]
[Round "2.6"]
[White "Obgolts, Erik"]
[Black "Ulybin, Mikhail"]
[Result "1-0"]
[WhiteElo "2417"]
[BlackElo "2432"]
[PlyCount "59"]
[EventDate "2021.??.??"]

1.e4 e6 2.d4 d5 3.Nc3 Nf6 4.e5 Nfd7 5.f4 c5 6.Nf3 Be7 7.Be3 b6
8.Qd2 a6 9.O-O-O c4 10.Bxc4 dxc4 11.d5 Bb7 12.d6 Bf8 13.Qe2 g6
14.h4 h5 15.Rhg1 b5 16.g4 hxg4 17.Ng5 Bh6 18.Nce4 Bxe4 19.Nxe4
Nc6 20.Rxg4 Nb4 21.Nc3 Rc8 22.Rdg1 Qa5 23.Kb1 Nc6 24.h5 g5 25.fxg5
Bg7 26.g6 Bxe5 27.gxf7+ Kxf7 28.Qf3+ Nf6 29.Rg7+ Kf8 30.d7 1-0

[Event "Team men HL chess 2021"]
[Site "?"]
[Date "2021.05.02"]
[Round "2.9"]
[White "Pogosian, Manvel"]
[Black "Sveshnikov, Evgeny"]
[Result "0-1"]
[WhiteElo "2391"]
[BlackElo "2478"]
[PlyCount "82"]
[EventDate "2021.??.??"]

1.d4 d5 2.c4 e6 3.Nf3 Nf6 4.g3 dxc4 5.Bg2 Nc6 6.O-O Rb8 7.Nc3
b5 8.Bg5 Be7 9.Rc1 O-O 10.Re1 h6 11.Bf4 Nd5 12.Bd2 Bf6 13.e4
Ndb4 14.d5 exd5 15.exd5 Ne7 16.Ne4 Nexd5 17.Nxf6+ Qxf6 18.Ne5
Rd8 19.Qe2 Be6 20.Be4 Nxa2 21.Ra1 c3 22.Bc1 Nxc1 23.Rexc1 cxb2
24.Qxb2 b4 25.f4 Nc3 26.Bf3 Bd5 27.Bg4 Qb6+ 28.Qf2 Qxf2+ 29.Kxf2
b3 30.Rxc3 b2 31.Re1 b1Q 32.Rxb1 Rxb1 33.Rxc7 a5 34.Bd7 Rb7 35.Rxb7
Bxb7 36.Bb5 Bd5 37.Ke3 Bb3 38.Nc6 Ra8 39.Kd4 a4 40.Nb4 Rb8 41.Kc5
a3 0-1

[Event "Team men HL chess 2021"]
[Site "?"]
[Date "2021.05.02"]
[Round "2.13"]
[White "Mokshanov, Alexey"]
[Black "Bryakin, Mikhail"]
[Result "1-0"]
[WhiteElo "2434"]
[BlackElo "2471"]
[PlyCount "113"]
[EventDate "2021.??.??"]

1.e4 c5 2.Nf3 g6 3.c3 Nf6 4.e5 Nd5 5.d4 cxd4 6.Qxd4 Nc7 7.Qh4
h6 8.Bc4 Bg7 9.O-O Nc6 10.Re1 b5 11.Bb3 Ne6 12.Nbd2 Qc7 13.a4
Rb8 14.axb5 Nxe5 15.Nxe5 Bxe5 16.Bxe6 dxe6 17.Nf3 Bf6 18.Qa4
Qd7 19.c4 Bb7 20.Qxa7 O-O 21.Bxh6 Rfc8 22.Rad1 Qe8 23.b3 Bxf3
24.gxf3 Bc3 25.Re3 Bb4 26.Red3 Bd6 27.Qe3 Rc5 28.Bf4 e5 29.Bg3
f5 30.Qh6 Kf7 31.Rxd6 exd6 32.Rxd6 Qg8 33.Bh4 Rc7 34.Rf6+ Ke8
35.Rxg6 Qf8 36.Re6+ Kd7 37.Re7+ Qxe7 38.Bxe7 Kxe7 39.Qg7+ Kd6
40.Qf6+ Kd7 41.Qxf5+ Kd6 42.Qf6+ Kd7 43.Qf7+ Kd6 44.Qd5+ Ke7
45.Qxe5+ Kd7 46.Kf1 Rb6 47.h4 Re6 48.Qf5 Rc8 49.c5 Rce8 50.Qd5+
Kc7 51.b6+ Kb8 52.c6 Rxc6 53.Qd7 Rc1+ 54.Kg2 Rg8+ 55.Kh2 Ra1
56.Qc7+ Ka8 57.b7+ 1-0

[Event "Team men HL chess 2021"]
[Site "?"]
[Date "2021.05.02"]
[Round "2.16"]
[White "Galaktionov, Artem"]
[Black "Bobkov, Vadim"]
[Result "0-1"]
[WhiteElo "2333"]
[BlackElo "2265"]
[PlyCount "150"]
[EventDate "2021.??.??"]

1.d4 Nf6 2.Nf3 e6 3.c4 c5 4.d5 b5 5.Bg5 h6 6.Bxf6 Qxf6 7.Qc2
b4 8.e4 g5 9.e5 Qg7 10.g4 Bb7 11.Qb3 h5 12.Rg1 hxg4 13.Rxg4 Be7
14.Nc3 f5 15.exf6 Qxf6 16.Nb5 Kd8 17.Bg2 exd5 18.Nxg5 a6 19.Nc3
Qf5 20.Nxd5 Qxg4 21.Nf7+ Ke8 22.Ne3 Qf4 23.Bxb7 Rxh2 24.O-O-O
Ra7 25.Bd5 Nc6 26.Rd2 Rxf2 27.Rxf2 Qxf2 28.Qd3 Nd4 29.Nd1 Qf4+
30.Kb1 Qf5 31.Be4 Qh5 32.Nd6+ Kd8 33.Nf5 Qe2 34.Nxd4 Qxd3+ 35.Bxd3
cxd4 36.Kc2 d5 37.cxd5 Rc7+ 38.Kb3 Bh4 39.Kxb4 Rc1 40.Be2 d3
41.Bf3 Be1+ 42.Ka3 Kc7 43.b3 a5 44.Kb2 Bd2 45.a3 Rc2+ 46.Kb1
Bf4 47.Bg4 Kd6 48.Bf3 Bc1 49.Be4 Bxa3 50.Ne3 Rb2+ 51.Ka1 d2 52.Bf3
Rxb3 53.Nc4+ Ke7 54.Be2 Bb4 55.Ka2 Rd3 56.d6+ Bxd6 57.Nb2 Rc3
58.Nd1 Rc1 59.Kb3 Bb4 60.Bg4 Kf6 61.Be2 Ke5 62.Bf3 Kf4 63.Be2
Ke4 64.Ka4 Rb1 65.Kb5 Kd4 66.Ka4 Rxd1 67.Bxd1 Kc3 68.Kb5 Kb2
69.Kc4 Kc1 70.Ba4 d1Q 71.Bxd1 Kxd1 72.Kb3 Kc1 73.Ka2 Kc2 74.Ka1
Kb3 75.Kb1 Bc3 0-1

[Event "Team men HL chess 2021"]
[Site "?"]
[Date "2021.05.03"]
[Round "3.1"]
[White "Lysyj, Igor"]
[Black "Khegay, Dmitriy"]
[Result "1/2-1/2"]
[WhiteElo "2606"]
[BlackElo "2523"]
[PlyCount "84"]
[EventDate "2021.??.??"]

1.d4 Nf6 2.c4 e6 3.Nf3 d5 4.g3 dxc4 5.Bg2 Bb4+ 6.Bd2 a5 7.Qc1
Bxd2+ 8.Qxd2 c6 9.a4 Ne4 10.Qc1 Nd6 11.Nbd2 b5 12.Ne5 Bb7 13.b3
f6 14.Nef3 cxb3 15.Nxb3 Nd7 16.O-O b4 17.Ne1 O-O 18.Nd3 Qc7 19.Nf4
Rfe8 20.Rd1 Rac8 21.Nc5 Nxc5 22.Qxc5 f5 23.Rac1 Ne4 24.Bxe4 fxe4
25.e3 Ba6 26.Ng2 Red8 27.Qc2 Bd3 28.Qb2 e5 29.Rc5 exd4 30.exd4
Qd7 31.Qb3+ Qf7 32.Qb2 Rd5 33.Rdc1 Rxc5 34.Rxc5 e3 35.Nxe3 Be4
36.f4 Rb8 37.Rxa5 b3 38.Re5 Bd5 39.a5 Qc7 40.Nxd5 cxd5 41.a6
Qb6 42.Re3 Qxa6 1/2-1/2

[Event "Team men HL chess 2021"]
[Site "?"]
[Date "2021.05.03"]
[Round "3.2"]
[White "Yudin, Sergei"]
[Black "Shomoev, Anton"]
[Result "1/2-1/2"]
[WhiteElo "2468"]
[BlackElo "2568"]
[PlyCount "88"]
[EventDate "2021.??.??"]

1.e4 c5 2.Nf3 d6 3.d4 cxd4 4.Qxd4 Nf6 5.h3 Nc6 6.Bb5 Qa5+ 7.Nc3
Qxb5 8.Nxb5 Nxd4 9.Nfxd4 Kd8 10.Nc3 Bd7 11.Be3 Rc8 12.Nde2 Kc7
13.Nd5+ Kb8 14.Nec3 Ne8 15.Bf4 e6 16.Ne3 Be7 17.O-O-O Bc6 18.Rhe1
Bf6 19.f3 b5 20.Kb1 h5 21.Bxd6+ Nxd6 22.Rxd6 Kc7 23.Rd3 b4 24.Ne2
Bb5 25.Rd2 Rcd8 26.Rxd8 Rxd8 27.c4 Rd2 28.cxb5 Rxb2+ 29.Kc1 Rxa2
30.Nc4 b3 31.e5 Be7 32.Kb1 Bb4 33.Nc1 Bxe1 34.Nxa2 bxa2+ 35.Kxa2
f6 36.exf6 gxf6 37.g4 hxg4 38.hxg4 Kd7 39.Kb3 f5 40.Kc2 Ke7 41.Kd3
Kf6 42.gxf5 Kxf5 43.b6 axb6 44.Nxb6 Ba5 1/2-1/2

[Event "Team men HL chess 2021"]
[Site "?"]
[Date "2021.05.04"]
[Round "4.4"]
[White "Zhelnin, Vladimir V"]
[Black "Matveev, Vladimir"]
[Result "1-0"]
[WhiteElo "2408"]
[BlackElo "2368"]
[PlyCount "101"]
[EventDate "2021.??.??"]

1.e4 c5 2.Nf3 d6 3.Bc4 Nf6 4.d3 Nc6 5.O-O Bg4 6.Nbd2 e6 7.Re1
Be7 8.h3 Bh5 9.Nf1 Qc7 10.Ng3 Bg6 11.c3 Nd7 12.Bb3 Nde5 13.Nh2
h5 14.f4 h4 15.Ngf1 Bh5 16.Qc2 Nd7 17.Qf2 Na5 18.Bc2 a6 19.Nf3
Bxf3 20.Qxf3 b5 21.Ne3 Rb8 22.Bd2 Nc6 23.Rac1 Qb7 24.Qf2 Rc8
25.Re2 Nb6 26.Ng4 f5 27.Nh2 O-O 28.Nf3 d5 29.exf5 exf5 30.Rce1
Rf7 31.Nxh4 Bxh4 32.Qxh4 Qd7 33.Be3 d4 34.Bf2 a5 35.Kh1 a4 36.a3
Nd5 37.Bb1 dxc3 38.Bxc5 cxb2 39.Ba2 b1Q 40.Bxb1 Nc3 41.Re3 Nxb1
42.Rxb1 Qd5 43.Rxb5 Na7 44.Re5 Qxd3 45.Bxa7 Rxa7 46.Rxf5 Qxa3
47.Rh5 Qa1+ 48.Kh2 g6 49.Qg4 Rc6 50.Rb8+ Kg7 51.Rhh8 1-0

[Event "Team men HL chess 2021"]
[Site "?"]
[Date "2021.05.04"]
[Round "4.9"]
[White "Azimov, Ilyas"]
[Black "Lysyj, Igor"]
[Result "1/2-1/2"]
[WhiteElo "2219"]
[BlackElo "2606"]
[PlyCount "36"]
[EventDate "2021.??.??"]

1.e4 e5 2.Nf3 Nc6 3.d4 exd4 4.c3 d3 5.Bxd3 Bc5 6.Nbd2 a6 7.e5
Nge7 8.Ne4 Ba7 9.O-O d5 10.exd6 cxd6 11.Bf4 Bb8 12.Qd2 d5 13.Ng3
O-O 14.Bxb8 Rxb8 15.Rad1 Qc7 16.h3 h6 17.Rfe1 Bd7 18.Bc2 Rbd8 1/2-1/2

[Event "Team men HL chess 2021"]
[Site "?"]
[Date "2021.05.05"]
[Round "5.5"]
[White "Lysyj, Igor"]
[Black "Tekeyev, Zaur"]
[Result "1/2-1/2"]
[WhiteElo "2606"]
[BlackElo "2396"]
[PlyCount "81"]
[EventDate "2021.??.??"]

1.d4 Nf6 2.c4 g6 3.Nc3 Bg7 4.e4 d6 5.Be2 O-O 6.Nf3 e5 7.O-O exd4
8.Nxd4 Re8 9.f3 Nc6 10.Be3 Nh5 11.Nxc6 bxc6 12.Qd2 a5 13.Rae1
a4 14.Bg5 Bd4+ 15.Kh1 Bxc3 16.bxc3 f6 17.Bh6 c5 18.f4 Ng7 19.Bf3
Be6 20.Qd3 a3 21.f5 Bf7 22.Bd1 Qe7 23.g4 Rab8 24.Ba4 Rf8 25.g5
Rb2 26.Bc2 Be8 27.gxf6 Qxf6 28.fxg6 Qxg6 29.Rxf8+ Kxf8 30.Rf1+
Bf7 31.Qh3 Rxc2 32.Qc8+ Ke7 33.Qxc7+ Ke8 34.Qc8+ Ke7 35.Qc7+
Ke6 36.Qc8+ Ke7 37.Qb7+ Ke8 38.Qb8+ Ke7 39.Qb7+ Ke8 40.Qc6+ Ke7
41.Qb7+ 1/2-1/2

[Event "Team men HL chess 2021"]
[Site "?"]
[Date "2021.05.05"]
[Round "5.8"]
[White "Nechaev, Oleg"]
[Black "Gutenev, Alexander"]
[Result "1/2-1/2"]
[WhiteElo "2368"]
[BlackElo "2425"]
[PlyCount "34"]
[EventDate "2021.??.??"]

1.e4 c5 2.c4 Nc6 3.Nc3 Nf6 4.g3 e6 5.Bg2 d5 6.cxd5 exd5 7.exd5
Nb4 8.d3 Be7 9.Nge2 Nfxd5 10.Nxd5 Nxd5 11.O-O O-O 12.d4 Be6 13.dxc5
Bxc5 14.Nf4 Nxf4 15.Bxf4 Qb6 16.b3 Rfd8 17.Qh5 Bd4 1/2-1/2

[Event "Team men HL chess 2021"]
[Site "?"]
[Date "2021.05.07"]
[Round "6.1"]
[White "Kezin, Roman"]
[Black "Lysyj, Igor"]
[Result "1/2-1/2"]
[WhiteElo "2472"]
[BlackElo "2606"]
[PlyCount "34"]
[EventDate "2021.??.??"]

1.e4 e5 2.Nf3 Nc6 3.d4 exd4 4.Nxd4 Nf6 5.Nxc6 bxc6 6.e5 Qe7 7.Qe2
Nd5 8.c4 Ba6 9.b3 g6 10.Ba3 Nb4 11.Bb2 Bg7 12.a3 Nd5 13.Nd2 O-O
14.O-O-O Rfe8 15.Qf3 Nb6 16.Ne4 Bxe5 17.Bxe5 Qxe5 1/2-1/2

[Event "Team men HL chess 2021"]
[Site "?"]
[Date "2021.05.07"]
[Round "6.9"]
[White "Kokarev, Dmitry"]
[Black "Sveshnikov, Evgeny"]
[Result "1-0"]
[WhiteElo "2631"]
[BlackElo "2478"]
[PlyCount "91"]
[EventDate "2021.??.??"]

1.e4 c5 2.Nf3 Nc6 3.d4 cxd4 4.Nxd4 e5 5.Nb5 d6 6.c4 Be7 7.N5c3
Nf6 8.Be2 O-O 9.O-O Be6 10.Be3 h6 11.Na3 Ne8 12.Bg4 Bg5 13.Bxe6
fxe6 14.Qg4 Qe7 15.Bxg5 hxg5 16.Rad1 Rf4 17.Qg3 Nd4 18.Qd3 a6
19.Nc2 Nxc2 20.Qxc2 Rc8 21.Qd3 g4 22.b3 Rf6 23.a4 Qf7 24.Qg3
Rf4 25.Rd3 Rc6 26.Qe3 Nf6 27.Qe2 Rb6 28.Qd1 Qc7 29.Re1 Qc5 30.Ree3
Qa3 31.g3 Rf3 32.Nb1 Qa1 33.Kg2 Qb2 34.Rd2 Qa1 35.Rxf3 gxf3+
36.Kxf3 Rc6 37.Re2 d5 38.cxd5 exd5 39.exd5 Rd6 40.Qc2 Rxd5 41.Kg2
Qd4 42.Qc8+ Kh7 43.Qf5+ Kh6 44.Rd2 Qc5 45.Rc2 Qb4 46.Rc4 1-0

[Event "Team men HL chess 2021"]
[Site "?"]
[Date "2021.05.07"]
[Round "6.10"]
[White "Balashov, Yuri S"]
[Black "Pridorozhni, Aleksei"]
[Result "0-1"]
[WhiteElo "2461"]
[BlackElo "2555"]
[PlyCount "108"]
[EventDate "2021.??.??"]

1.d4 d5 2.c4 e6 3.Nc3 c6 4.e3 Nf6 5.Nf3 Nbd7 6.Bd3 dxc4 7.Bxc4
b5 8.Be2 Bb7 9.e4 b4 10.e5 bxc3 11.exf6 cxb2 12.fxg7 bxa1Q 13.gxh8Q
Qa5+ 14.Nd2 c5 15.O-O Qxd4 16.Nc4 Qxh8 17.Nxa5 Bd5 18.Bf3 Qd4
19.Qe2 Bxf3 20.Qxf3 Qd5 21.Qe2 Bg7 22.Bf4 Bd4 23.Nc4 e5 24.Re1
f6 25.Be3 Rb8 26.Qc2 Rb4 27.Rc1 Nb6 28.Nxb6 axb6 29.Qxh7 Qxa2
30.Qg6+ Ke7 31.Qh7+ Qf7 32.Qd3 Rb3 33.Qe4 f5 34.Qh4+ Kd7 35.Bxd4
exd4 36.Ra1 Qe6 37.h3 Qe4 38.Qh7+ Kc6 39.Qh6+ Kb5 40.Kh2 d3 41.Qd6
c4 42.Qd7+ Qc6 43.Qxf5+ Kb4 44.Qf4 Qd5 45.Ra2 Rb1 46.Qd2+ Kb3
47.Ra6 Qd6+ 48.g3 Rb2 49.Qe3 Kc2 50.Ra1 d2 51.Qe2 Qd3 52.Qd1+
Kc3 53.Ra3+ Rb3 54.Ra2 Rb1 0-1

[Event "Team men HL chess 2021"]
[Site "?"]
[Date "2021.05.08"]
[Round "7.1"]
[White "Lysyj, Igor"]
[Black "Bryakin, Mikhail"]
[Result "1-0"]
[WhiteElo "2606"]
[BlackElo "2471"]
[PlyCount "131"]
[EventDate "2021.??.??"]

1.d4 Nf6 2.c4 e6 3.Nf3 d5 4.g3 dxc4 5.Bg2 c5 6.O-O Nc6 7.dxc5
Qxd1 8.Rxd1 Bxc5 9.Nbd2 c3 10.bxc3 O-O 11.Nb3 Be7 12.Nfd4 Nxd4
13.cxd4 Nd5 14.Na5 Bb4 15.Nc4 Bd7 16.Bd2 Rfc8 17.Bxd5 exd5 18.Ne3
Ba3 19.Rab1 b6 20.Bb4 Bxb4 21.Rxb4 Rc3 22.Kf1 Ra3 23.Ra1 Rc8
24.Ke1 Kf8 25.Kd2 Be6 26.Nc2 Ra5 27.a3 Ke7 28.Ne3 Kd6 29.Nd1
g5 30.Nc3 h5 31.Rb5 Rxb5 32.Nxb5+ Ke7 33.Nxa7 Rc4 34.Nb5 Bd7
35.Nc3 Kd6 36.e3 Kc6 37.h4 f6 38.f3 Be6 39.Rb1 Bf5 40.Rh1 Bg6
41.g4 hxg4 42.fxg4 Kd7 43.hxg5 fxg5 44.Rh6 Rc6 45.Nxd5 Rd6 46.Nc3
Ke7 47.d5 Rf6 48.e4 Kf7 49.Ke3 b5 50.Rh2 Ra6 51.Ra2 Ke7 52.Nxb5
Kf6 53.a4 Ke5 54.Nd4 Rb6 55.Nc6+ Kd6 56.Kd4 Rb1 57.e5+ Kc7 58.Ne7
Rd1+ 59.Ke3 Rd3+ 60.Kf2 Be4 61.a5 Bxd5 62.Nxd5+ Rxd5 63.a6 Kb8
64.e6 Rd6 65.e7 Rf6+ 66.Ke1 1-0

[Event "Team men HL chess 2021"]
[Site "?"]
[Date "2021.05.08"]
[Round "7.2"]
[White "Yeletsky, Ivan"]
[Black "Shomoev, Anton"]
[Result "1/2-1/2"]
[WhiteElo "2448"]
[BlackElo "2568"]
[PlyCount "212"]
[EventDate "2021.??.??"]

1.d4 Nf6 2.c4 g6 3.Nc3 d5 4.cxd5 Nxd5 5.e4 Nxc3 6.bxc3 Bg7 7.Bc4
c5 8.Ne2 Nc6 9.Be3 O-O 10.O-O b6 11.Rc1 Bb7 12.Qd2 Qc7 13.Rfd1
Rad8 14.Qe1 Na5 15.Bd3 e5 16.dxe5 Bxe5 17.f4 Rxd3 18.Rxd3 Bxe4
19.Rdd1 Bf6 20.Ng3 Bb7 21.f5 Qc6 22.Qf2 Nc4 23.Bh6 Re8 24.Rc2
Ne5 25.h3 c4 26.Re1 Rd8 27.fxg6 hxg6 28.Rf1 Rd6 29.Qe3 Nd3 30.Re2
Be5 31.Qg5 Re6 32.Ne4 Qc7 33.Kh1 Bh8 34.Ng3 Qd7 35.Kh2 Rxe2 36.Nxe2
Be5+ 37.Kg1 Qd5 38.Qg4 Qc5+ 39.Nd4 Qd5 40.Nf5 Qe6 41.Be3 Kf8
42.Bh6+ Kg8 43.Bd2 Kf8 44.Ne3 Bd5 45.Nxd5 Qxd5 46.Qc8+ Kg7 47.Qe8
b5 48.a3 a5 49.Kh1 b4 50.axb4 axb4 51.cxb4 c3 52.Be3 c2 53.b5
Bf4 54.Rxf4 Nxf4 55.Bxf4 c1Q+ 56.Bxc1 Qd1+ 57.Kh2 Qxc1 58.Qe5+
f6 59.Qe7+ Kh6 60.Qd6 f5 61.b6 Qe3 62.b7 f4 63.Qd1 Qe5 64.Qf3
g5 65.Qf2 Qd6 66.Qb2 f3+ 67.g3 Qb8 68.Qf6+ Kh7 69.Qf7+ Kh6 70.Qe6+
Kg7 71.Qd7+ Kh6 72.Qc6+ Kg7 73.Qxf3 Qe5 74.h4 gxh4 75.Qg4+ Kh7
76.Qxh4+ Kg7 77.Qg4+ Kh7 78.Kh3 Qd5 79.Qb4 Qe6+ 80.Kg2 Qe2+ 81.Kg1
Qe3+ 82.Kg2 Qe2+ 83.Kh3 Qe6+ 84.g4 Qe3+ 85.Kg2 Qe2+ 86.Kg1 Qe3+
87.Kf1 Qf3+ 88.Ke1 Qe3+ 89.Kd1 Qd3+ 90.Kc1 Qe3+ 91.Qd2 Qa3+ 92.Qb2
Qe3+ 93.Kb1 Qe1+ 94.Ka2 Qa5+ 95.Qa3 Qd2+ 96.Kb1 Qd1+ 97.Kb2 Qd2+
98.Ka1 Qd1+ 99.Ka2 Qc2+ 100.Qb2 Qa4+ 101.Kb1 Qd1+ 102.Qc1 Qb3+
103.Ka1 Qxb7 104.Qb1+ Qxb1+ 105.Kxb1 Kg6 106.g5 Kxg5 1/2-1/2

[Event "Team men HL chess 2021"]
[Site "?"]
[Date "2021.05.08"]
[Round "7.9"]
[White "Mokshanov, Alexey"]
[Black "Kokarev, Dmitry"]
[Result "1/2-1/2"]
[WhiteElo "2434"]
[BlackElo "2631"]
[PlyCount "33"]
[EventDate "2021.??.??"]

1.e4 c5 2.Nf3 d6 3.Bb5+ Bd7 4.Bxd7+ Qxd7 5.O-O Nc6 6.c3 d5 7.exd5
Qxd5 8.d4 e6 9.dxc5 Qxd1 10.Rxd1 Bxc5 11.Bf4 Nf6 12.Nbd2 Nh5
13.Be5 Nxe5 14.Nxe5 Nf6 15.Ndc4 Rc8 16.Nd6+ Bxd6 17.Rxd6 1/2-1/2

[Event "Team men HL chess 2021"]
[Site "?"]
[Date "2021.05.09"]
[Round "8.1"]
[White "Kokarev, Dmitry"]
[Black "Lysyj, Igor"]
[Result "1/2-1/2"]
[WhiteElo "2631"]
[BlackElo "2606"]
[PlyCount "43"]
[EventDate "2021.??.??"]

1.e4 e5 2.Nf3 Nc6 3.Bb5 Nf6 4.O-O Nxe4 5.d4 Nd6 6.Bxc6 dxc6 7.dxe5
Nf5 8.Qxd8+ Kxd8 9.Nc3 Ke8 10.h3 h5 11.Bf4 Bb4 12.Ne2 Be6 13.Rfd1
Bd5 14.Nfd4 Nxd4 15.Nxd4 Rd8 16.a3 Be7 17.Nf5 Be4 18.Nxe7 Rxd1+
19.Rxd1 Kxe7 20.c3 Bd5 21.Rd4 b5 22.a4 1/2-1/2

[Event "Team men HL chess 2021"]
[Site "?"]
[Date "2021.05.10"]
[Round "9.1"]
[White "Lysyj, Igor"]
[Black "Mokshanov, Alexey"]
[Result "1-0"]
[WhiteElo "2606"]
[BlackElo "2434"]
[PlyCount "99"]
[EventDate "2021.??.??"]

1.d4 d5 2.c4 e6 3.Nf3 Nf6 4.g3 dxc4 5.Bg2 a6 6.O-O Nc6 7.Qd2
Rb8 8.Ne5 Nxe5 9.dxe5 Qxd2 10.Nxd2 Nd7 11.Nxc4 b6 12.Be3 Bb7
13.Bxb7 Rxb7 14.Rac1 Rb8 15.Rfd1 Bc5 16.a4 Bxe3 17.Nxe3 Rc8 18.a5
Ke7 19.f4 b5 20.Ng4 Rhd8 21.Nf2 c5 22.b3 c4 23.bxc4 Rxc4 24.Rxc4
bxc4 25.Ne4 Rc8 26.Nc3 Rc5 27.Ra1 f6 28.exf6+ Nxf6 29.e4 Ne8
30.Kf2 Nd6 31.Ke3 Nb7 32.Rb1 Nxa5 33.Ra1 Kd8 34.e5 Kc7 35.Ke4
Kb7 36.Rd1 Nb3 37.g4 Rc7 38.f5 Nc5+ 39.Kd4 Kc6 40.Kxc4 Rd7 41.Ra1
exf5 42.gxf5 Rd2 43.Ra5 Rd4+ 44.Kxd4 Nb3+ 45.Ke4 Nxa5 46.Nd5
Nb7 47.Nb4+ Kd7 48.Nxa6 Ke7 49.Kd5 Nd8 50.Nc5 1-0

[Event "Team men HL chess 2021"]
[Site "?"]
[Date "2021.05.10"]
[Round "9.9"]
[White "Khegay, Dmitriy"]
[Black "Kokarev, Dmitry"]
[Result "1/2-1/2"]
[WhiteElo "2523"]
[BlackElo "2631"]
[PlyCount "31"]
[EventDate "2021.??.??"]

1.e4 c5 2.Nf3 d6 3.d4 cxd4 4.Nxd4 Nf6 5.f3 Nc6 6.c4 e6 7.Nc3
Be7 8.Be3 O-O 9.Be2 d5 10.exd5 exd5 11.Nxc6 bxc6 12.cxd5 Nxd5
13.Nxd5 cxd5 14.O-O Bf6 15.Bd4 Rb8 16.b3 1/2-1/2